00668 2200193 4500001002100000005001500021035002000036245014100056100001700197250002000214300005100234856002200285700005700307260003700364082001200401084001800413020002200431650002100453INLIS00000000114806820260330102436 a0010-03260005791 aMASJID-MASJID PALING MENAKJUBKAN DAN BERPENGARUH DI DUNIA /cPenulis; Aulia Fadhli, Editor; Qoni, Desain Cover; Aulia (r), Layout; Lendo0 aAulia Fadhli aCetakan Pertama a260 halaman :bIlustrasi ;c14 x 20 cmeKertas aPerpustakaan Umum0 aEditor; Qoni, Desain Cover; Aulia (r), Layout; Lendo aYogyakarta :bQudsi Media,c2025 a297.350 a297.350 AUL m a978-979-1149-30-3 4aReferensi Islami